[Event "DVM U20 2021"]
[Site "Kiel GER"]
[Date "2022.07.25"]
[Round "5"]
[White "Falke, Philipp"]
[Black "Lob, Niklas"]
[Result "1-0"]
[Termination "normal"]
[Board "6.6"]
[WhiteElo "1508"]
[BlackElo "1530"]
[WhiteClock "00:02:04"]
[BlackClock "00:03:43"]
[WhiteTeam "Post SV Uelzen"]
[BlackTeam "Heilbronner SV"]
[PlyCount "77"]
[WhiteFideId "16294696"]
[BlackFideId "34621555"]
[EventCountry "GER"]
[EventRounds "7"]
[EventType "team-swiss"]
[EventDate "2022.07.22"]

1. e4 {[%clk 01:30:55]} {[%emt 00:00:05]} c5 {[%clk 01:30:55]} {[%emt
00:00:05]} 2. Nf3 {[%clk 01:31:18]} {[%emt 00:00:07]} Nc6 {[%clk 01:31:21]}
{[%emt 00:00:04]} 3. Nc3 {[%clk 01:31:13]} {[%emt 00:00:35]} e6 {[%clk
01:29:31]} {[%emt 00:02:20]} 4. d4 {[%clk 01:30:07]} {[%emt 00:01:35]} cxd4
{[%clk 01:29:10]} {[%emt 00:00:52]} 5. Nxd4 {[%clk 01:29:53]} {[%emt 00:00:43]}
Nf6 {[%clk 01:26:52]} {[%emt 00:02:48]} 6. a3 {[%clk 01:26:38]} {[%emt
00:03:45]} a6 {[%clk 01:25:41]} {[%emt 00:01:41]} 7. Be2 {[%clk 01:23:58]}
{[%emt 00:03:10]} Be7 {[%clk 01:23:29]} {[%emt 00:02:42]} 8. O-O {[%clk
01:21:04]} {[%emt 00:03:24]} Qc7 {[%clk 01:21:01]} {[%emt 00:02:59]} 9. Be3
{[%clk 01:15:25]} {[%emt 00:06:08]} Nxd4 {[%clk 01:17:29]} {[%emt 00:04:04]}
10. Bxd4 {[%clk 01:13:27]} {[%emt 00:02:26]} e5 {[%clk 01:11:47]} {[%emt
00:06:13]} 11. Be3 {[%clk 01:11:08]} {[%emt 00:02:49]} b5 {[%clk 01:04:16]}
{[%emt 00:08:01]} 12. f4 {[%clk 00:58:01]} {[%emt 00:13:36]} Bc5 {[%clk
00:59:27]} {[%emt 00:05:19]} 13. Bxc5 {[%clk 00:54:18]} {[%emt 00:04:14]} Qxc5+
{[%clk 00:59:50]} {[%emt 00:00:06]} 14. Kh1 {[%clk 00:54:07]} {[%emt 00:00:41]}
Bb7 {[%clk 00:57:18]} {[%emt 00:03:02]} 15. fxe5 {[%clk 00:47:58]} {[%emt
00:06:39]} Nxe4 {[%clk 00:53:12]} {[%emt 00:04:37]} 16. Nxe4 {[%clk 00:47:59]}
{[%emt 00:00:29]} Bxe4 {[%clk 00:53:34]} {[%emt 00:00:08]} 17. Bf3 {[%clk
00:46:31]} {[%emt 00:01:57]} Bxf3 {[%clk 00:44:00]} {[%emt 00:10:05]} 18. Qxf3
{[%clk 00:45:09]} {[%emt 00:01:52]} O-O {[%clk 00:43:52]} {[%emt 00:00:37]} 19.
Rad1 {[%clk 00:42:41]} {[%emt 00:02:58]} Ra7 {[%clk 00:41:57]} {[%emt
00:02:26]} 20. Qf5 {[%clk 00:36:36]} {[%emt 00:06:34]} Rc7 {[%clk 00:40:29]}
{[%emt 00:01:58]} 21. c3 {[%clk 00:34:10]} {[%emt 00:02:55]} Qe7 {[%clk
00:38:41]} {[%emt 00:02:18]} 22. Rd5 {[%clk 00:24:16]} {[%emt 00:10:23]} Qe6
{[%clk 00:32:36]} {[%emt 00:06:37]} 23. Rd6 {[%clk 00:15:26]} {[%emt 00:09:20]}
Qxf5 {[%clk 00:31:36]} {[%emt 00:01:30]} 24. Rxf5 {[%clk 00:15:54]} {[%emt
00:00:03]} Ra7 {[%clk 00:28:52]} {[%emt 00:03:13]} 25. Kg1 {[%clk 00:13:48]}
{[%emt 00:02:37]} Re8 {[%clk 00:28:42]} {[%emt 00:00:40]} 26. Kf2 {[%emt
00:01:09]} Re6 {[%emt 00:03:09]} 27. Kf3 {[%clk 00:09:25]} {[%emt 00:02:33]}
Kf8 {[%emt 00:04:55]} 28. Ke4 {[%emt 00:00:58]} Ke7 {[%emt 00:02:34]} 29. Rf3
{[%emt 00:04:26]} f6 {[%emt 00:02:11]} 30. Rxe6+ {[%emt 00:01:03]} dxe6 {[%clk
00:20:03]} {[%emt 00:00:02]} 31. Rg3 {[%clk 00:01:33]} {[%emt 00:03:24]} Kd8
{[%clk 00:16:16]} {[%emt 00:04:16]} 32. exf6 {[%clk 00:01:17]} {[%emt
00:00:46]} gxf6 {[%clk 00:14:58]} {[%emt 00:01:48]} 33. Rg8+ {[%clk 00:01:39]}
{[%emt 00:00:08]} Kc7 {[%clk 00:15:23]} {[%emt 00:00:05]} 34. Rf8 {[%clk
00:01:51]} {[%emt 00:00:18]} Kd6 {[%clk 00:14:38]} 35. Rxf6 {[%clk 00:01:51]}
Rg7 {[%clk 00:14:38]} 36. g3 {[%clk 00:01:51]} Re7 {[%clk 00:14:38]} 37. b3
{[%clk 00:02:22]} {[%emt 00:13:26]} Rc7 {[%clk 00:04:25]} 38. Kd4 {[%clk
00:02:08]} {[%emt 00:01:15]} Rc5 {[%clk 00:03:43]} 39. Rxe6+ {[%clk 00:02:04]}
{[%emt 00:01:46]} 1-0

[Event "DVM U20 2021"]
[Site "Kiel GER"]
[Date "2022.07.25"]
[Round "5"]
[White "Pralle, Finnegan"]
[Black "Vuckovic, Zarko"]
[Result "0-1"]
[Termination "normal"]
[Board "7.1"]
[WhiteElo "1912"]
[BlackElo "2281"]
[WhiteClock "00:06:18"]
[BlackClock "01:11:00"]
[WhiteTeam "Biebertaler Schachfreunde"]
[BlackTeam "Schachfreunde Augsburg"]
[PlyCount "92"]
[WhiteFideId "12986615"]
[BlackFideId "12952087"]
[EventCountry "GER"]
[EventRounds "7"]
[EventType "team-swiss"]
[EventDate "2022.07.22"]

1. e4 {[%clk 01:30:57]} {[%emt 00:00:02]} c5 {[%clk 01:30:56]} {[%emt
00:00:06]} 2. Nc3 {[%clk 01:31:22]} {[%emt 00:00:05]} Nc6 {[%clk 01:31:23]}
{[%emt 00:00:03]} 3. d3 {[%clk 01:31:40]} {[%emt 00:00:11]} g6 {[%clk
01:31:50]} {[%emt 00:00:04]} 4. Be3 {[%clk 01:32:00]} {[%emt 00:00:09]} d6
{[%clk 01:32:16]} {[%emt 00:00:04]} 5. Qd2 {[%clk 01:32:06]} {[%emt 00:00:24]}
Bg7 {[%clk 01:32:40]} {[%emt 00:00:06]} 6. g3 {[%clk 01:29:45]} {[%emt
00:02:51]} Rb8 {[%clk 01:32:57]} {[%emt 00:00:13]} 7. a4 {[%clk 01:28:02]}
{[%emt 00:02:13]} Nf6 {[%clk 01:30:42]} {[%emt 00:02:44]} 8. h3 {[%clk
01:28:17]} {[%emt 00:00:16]} a6 {[%clk 01:30:30]} {[%emt 00:00:43]} 9. Bg2
{[%clk 01:28:16]} {[%emt 00:00:30]} O-O {[%clk 01:30:36]} {[%emt 00:00:24]} 10.
f4 {[%clk 01:28:16]} {[%emt 00:00:30]} Bd7 {[%clk 01:29:06]} {[%emt 00:02:00]}
11. Nge2 {[%clk 01:28:29]} {[%emt 00:00:17]} b5 {[%clk 01:29:27]} {[%emt
00:00:09]} 12. e5 {[%clk 01:22:33]} {[%emt 00:06:26]} dxe5 {[%clk 01:25:57]}
{[%emt 00:04:00]} 13. Bxc5 {[%clk 01:22:11]} {[%emt 00:00:52]} b4 {[%clk
01:26:22]} {[%emt 00:00:06]} 14. Nd1 {[%clk 01:22:18]} {[%emt 00:00:22]} Qa5
{[%clk 01:26:09]} {[%emt 00:00:44]} 15. Bf2 {[%clk 01:18:02]} {[%emt 00:04:45]}
exf4 {[%clk 01:23:17]} {[%emt 00:03:23]} 16. Nxf4 {[%clk 01:16:53]} {[%emt
00:01:38]} Qe5+ {[%clk 01:23:11]} {[%emt 00:00:36]} 17. Ne2 {[%clk 01:16:38]}
{[%emt 00:00:44]} Rfc8 {[%clk 01:18:25]} {[%emt 00:05:17]} 18. O-O {[%clk
01:15:28]} {[%emt 00:01:40]} Qc7 {[%clk 01:18:21]} {[%emt 00:00:34]} 19. c4
{[%clk 01:07:02]} {[%emt 00:08:56]} bxc3 {[%clk 01:18:06]} {[%emt 00:00:45]}
20. bxc3 {[%clk 01:06:55]} {[%emt 00:00:37]} Na5 {[%clk 01:18:28]} {[%emt
00:00:08]} 21. Qc2 {[%clk 01:04:35]} {[%emt 00:02:50]} Bc6 {[%clk 01:18:44]}
{[%emt 00:00:14]} 22. Ne3 {[%clk 01:03:01]} {[%emt 00:02:04]} Bxg2 {[%clk
01:12:29]} {[%emt 00:06:45]} 23. Kxg2 {[%clk 01:02:52]} {[%emt 00:00:39]} Qc6+
{[%clk 01:12:58]} {[%emt 00:00:01]} 24. Kh2 {[%clk 01:02:57]} {[%emt 00:00:25]}
Nd7 {[%clk 01:12:59]} {[%emt 00:00:29]} 25. d4 {[%clk 00:55:14]} {[%emt
00:08:13]} Nb6 {[%clk 01:11:29]} {[%emt 00:02:00]} 26. Qa2 {[%clk 00:50:09]}
{[%emt 00:05:35]} Nbc4 {[%clk 01:11:19]} {[%emt 00:00:40]} 27. Rab1 {[%clk
00:48:55]} {[%emt 00:01:44]} Rxb1 {[%clk 01:11:35]} {[%emt 00:00:14]} 28. Rxb1
{[%clk 00:46:54]} {[%emt 00:02:31]} Qf3 {[%clk 01:11:58]} {[%emt 00:00:07]} 29.
Ng1 {[%clk 00:47:16]} {[%emt 00:00:08]} Qe4 {[%clk 01:12:23]} {[%emt 00:00:04]}
30. Re1 {[%clk 00:46:23]} {[%emt 00:01:24]} Qb7 {[%clk 01:11:21]} {[%emt
00:01:31]} 31. Rb1 {[%clk 00:41:24]} {[%emt 00:05:29]} Qc6 {[%clk 01:11:03]}
{[%emt 00:00:49]} 32. Ne2 {[%clk 00:30:50]} {[%emt 00:11:04]} h5 {[%clk
01:11:15]} {[%emt 00:00:18]} 33. Nf4 {[%clk 00:30:03]} {[%emt 00:01:17]} Nxe3
{[%clk 01:11:17]} {[%emt 00:00:28]} 34. Bxe3 {[%clk 00:30:27]} {[%emt
00:00:06]} Nc4 {[%clk 01:11:41]} {[%emt 00:00:05]} 35. Bf2 {[%clk 00:30:21]}
{[%emt 00:00:36]} e5 {[%clk 01:11:23]} {[%emt 00:00:49]} 36. d5 {[%clk
00:25:45]} {[%emt 00:05:06]} Qf6 {[%clk 01:09:14]} {[%emt 00:02:39]} 37. Rb4
{[%clk 00:19:27]} {[%emt 00:06:48]} Nd6 {[%clk 01:09:15]} {[%emt 00:00:28]} 38.
c4 {[%clk 00:12:43]} {[%emt 00:07:15]} exf4 {[%clk 01:09:21]} {[%emt 00:00:24]}
39. Rb6 {[%clk 00:13:08]} {[%emt 00:00:06]} Qd8 {[%clk 01:09:10]} {[%emt
00:00:40]} 40. c5 {[%clk 00:12:49]} {[%emt 00:00:49]} Ne4 {[%clk 01:09:33]}
{[%emt 00:00:07]} 41. gxf4 {[%clk 00:09:32]} {[%emt 00:03:46]} Nxf2 {[%clk
01:09:31]} {[%emt 00:00:32]} 42. Qxf2 {[%clk 00:06:47]} {[%emt 00:03:15]} Qxd5
{[%clk 01:09:26]} {[%emt 00:00:36]} 43. Rxa6 {[%clk 00:06:22]} {[%emt
00:00:56]} Qxc5 {[%clk 01:09:47]} {[%emt 00:00:09]} 44. Qxc5 {[%clk 00:05:48]}
{[%emt 00:01:02]} Rxc5 {[%clk 01:10:10]} {[%emt 00:00:07]} 45. Ra8+ {[%clk
00:06:06]} {[%emt 00:00:13]} Kh7 {[%clk 01:10:35]} {[%emt 00:00:05]} 46. a5
{[%clk 00:06:18]} {[%emt 00:00:18]} Bh6 {[%clk 01:11:00]} {[%emt 00:00:05]} 0-1

[Event "DVM U20 2021"]
[Site "Kiel GER"]
[Date "2022.07.25"]
[Round "5"]
[White "Peschel, Julia"]
[Black "McPherson, Elisha"]
[Result "0-1"]
[Termination "normal"]
[Board "7.3"]
[WhiteElo "1545"]
[BlackElo "2006"]
[WhiteClock "00:13:57"]
[BlackClock "00:10:29"]
[WhiteTeam "Biebertaler Schachfreunde"]
[BlackTeam "Schachfreunde Augsburg"]
[PlyCount "154"]
[WhiteFideId "16255593"]
[BlackFideId "16255852"]
[EventCountry "GER"]
[EventRounds "7"]
[EventType "team-swiss"]
[EventDate "2022.07.22"]

1. e4 {[%clk 01:30:58]} {[%emt 00:00:01]} e5 {[%clk 01:30:55]} {[%emt
00:00:06]} 2. Nf3 {[%clk 01:31:23]} {[%emt 00:00:05]} Nf6 {[%clk 01:31:20]}
{[%emt 00:00:04]} 3. d4 {[%clk 01:30:30]} {[%emt 00:01:24]} Nxe4 {[%clk
01:27:56]} {[%emt 00:03:55]} 4. Bd3 {[%clk 01:18:51]} {[%emt 00:12:08]} d5
{[%clk 01:26:06]} {[%emt 00:02:20]} 5. Nxe5 {[%clk 01:18:48]} {[%emt 00:00:33]}
Qh4 {[%clk 01:02:31]} {[%emt 00:24:05]} 6. Be3 {[%clk 01:08:29]} {[%emt
00:10:49]} Bd6 {[%clk 00:59:32]} {[%emt 00:03:29]} 7. Nd2 {[%clk 01:04:16]}
{[%emt 00:04:43]} Bf5 {[%clk 00:30:09]} {[%emt 00:29:53]} 8. Ndf3 {[%clk
00:53:42]} {[%emt 00:11:04]} Qe7 {[%clk 00:22:36]} {[%emt 00:08:03]} 9. Bb5+
{[%clk 00:46:12]} {[%emt 00:08:00]} c6 {[%clk 00:22:02]} {[%emt 00:01:03]} 10.
Ba4 {[%clk 00:46:22]} {[%emt 00:00:20]} Bb4+ {[%clk 00:17:00]} {[%emt
00:05:32]} 11. Nd2 {[%clk 00:41:51]} {[%emt 00:05:02]} Nxd2 {[%clk 00:17:12]}
{[%emt 00:00:18]} 12. Bxd2 {[%clk 00:41:55]} {[%emt 00:00:25]} Bxd2+ {[%clk
00:17:24]} {[%emt 00:00:18]} 13. Kxd2 {[%clk 00:37:54]} {[%emt 00:04:31]} Qb4+
{[%clk 00:12:37]} {[%emt 00:05:18]} 14. c3 {[%clk 00:36:54]} {[%emt 00:01:29]}
Qxb2+ {[%clk 00:13:04]} {[%emt 00:00:04]} 15. Bc2 {[%clk 00:37:12]} {[%emt
00:00:12]} Bxc2 {[%clk 00:12:44]} {[%emt 00:00:50]} 16. Qxc2 {[%clk 00:37:14]}
{[%emt 00:00:27]} Qxc2+ {[%clk 00:12:36]} {[%emt 00:00:39]} 17. Kxc2 {[%clk
00:37:37]} {[%emt 00:00:07]} f6 {[%clk 00:13:01]} {[%emt 00:00:04]} 18. Nf3
{[%clk 00:37:07]} {[%emt 00:01:00]} Kf7 {[%clk 00:13:18]} {[%emt 00:00:14]} 19.
Rab1 {[%clk 00:34:09]} {[%emt 00:03:27]} b6 {[%clk 00:13:10]} {[%emt 00:00:39]}
20. a4 {[%clk 00:32:46]} {[%emt 00:01:53]} Nd7 {[%clk 00:13:30]} {[%emt
00:00:10]} 21. a5 {[%clk 00:28:09]} {[%emt 00:05:07]} Rhe8 {[%clk 00:12:13]}
{[%emt 00:01:46]} 22. Kd3 {[%clk 00:27:22]} {[%emt 00:01:17]} Ke6 {[%clk
00:09:41]} {[%emt 00:03:03]} 23. Nh4 {[%clk 00:24:33]} {[%emt 00:03:18]} g6
{[%clk 00:10:00]} {[%emt 00:00:11]} 24. g3 {[%clk 00:24:49]} {[%emt 00:00:14]}
Kd6 {[%clk 00:09:42]} {[%emt 00:00:48]} 25. Ng2 {[%clk 00:24:28]} {[%emt
00:00:51]} b5 {[%clk 00:08:09]} {[%emt 00:02:04]} 26. Nf4 {[%emt 00:01:37]} Re7
{[%clk 00:06:12]} {[%emt 00:02:15]} 27. Ng2 {[%clk 00:20:34]} {[%emt 00:03:28]}
Rae8 {[%clk 00:05:55]} {[%emt 00:00:48]} 28. Ne3 {[%clk 00:20:57]} {[%emt
00:00:07]} a6 {[%clk 00:05:13]} {[%emt 00:01:12]} 29. Rhd1 {[%clk 00:20:31]}
{[%emt 00:00:56]} Nf8 {[%clk 00:03:31]} {[%emt 00:02:12]} 30. Ng4 {[%clk
00:17:54]} {[%emt 00:03:07]} Re6 {[%clk 00:03:46]} {[%emt 00:00:15]} 31. Ne3
{[%clk 00:16:59]} {[%emt 00:01:24]} Re4 {[%clk 00:03:13]} {[%emt 00:01:04]} 32.
h3 {[%clk 00:16:02]} {[%emt 00:01:27]} f5 {[%clk 00:02:15]} {[%emt 00:01:27]}
33. Rg1 {[%clk 00:15:24]} {[%emt 00:01:08]} Nd7 {[%clk 00:02:31]} {[%emt
00:00:14]} 34. Rbd1 {[%clk 00:12:09]} {[%emt 00:03:45]} Nb8 {[%clk 00:02:48]}
{[%emt 00:00:13]} 35. Kc2 {[%clk 00:11:19]} {[%emt 00:01:20]} f4 {[%clk
00:02:53]} {[%emt 00:00:26]} 36. gxf4 {[%clk 00:08:40]} {[%emt 00:03:09]} Rxf4
{[%clk 00:03:12]} {[%emt 00:00:11]} 37. Rdf1 {[%clk 00:08:33]} {[%emt
00:00:37]} Ref8 {[%clk 00:03:15]} {[%emt 00:00:26]} 38. Rg2 {[%clk 00:08:42]}
{[%emt 00:00:21]} Nd7 {[%clk 00:02:59]} {[%emt 00:00:47]} 39. Ng4 {[%clk
00:04:28]} {[%emt 00:04:43]} Rf3 {[%clk 00:02:06]} {[%emt 00:01:24]} 40. h4
{[%clk 00:01:05]} {[%emt 00:03:53]} Rh3 {[%clk 00:01:51]} {[%emt 00:00:43]} 41.
Rh2 {[%clk 00:30:01]} {[%emt 00:01:35]} Rff3 {[%clk 00:31:20]} {[%emt
00:01:02]} 42. Rxh3 {[%clk 00:27:36]} {[%emt 00:02:55]} Rxh3 {[%clk 00:31:46]}
{[%emt 00:00:03]} 43. Re1 {[%clk 00:27:16]} {[%emt 00:00:50]} Rxh4 {[%clk
00:31:56]} {[%emt 00:00:21]} 44. Ne3 {[%clk 00:26:23]} {[%emt 00:01:23]} Nf6
{[%clk 00:30:17]} {[%emt 00:02:09]} 45. Kd3 {[%clk 00:26:28]} {[%emt 00:00:24]}
Rf4 {[%clk 00:30:01]} {[%emt 00:00:46]} 46. Nd1 {[%clk 00:25:45]} {[%emt
00:01:13]} Kd7 {[%clk 00:28:09]} {[%emt 00:02:23]} 47. Ke3 {[%clk 00:25:28]}
{[%emt 00:00:47]} Re4+ {[%clk 00:28:14]} {[%emt 00:00:25]} 48. Kd2 {[%clk
00:25:32]} {[%emt 00:00:25]} Rxe1 {[%clk 00:28:37]} {[%emt 00:00:07]} 49. Kxe1
{[%clk 00:25:59]} {[%emt 00:00:03]} Ne4 {[%clk 00:28:45]} {[%emt 00:00:23]} 50.
Ke2 {[%clk 00:26:15]} {[%emt 00:00:14]} Nd6 {[%clk 00:29:06]} {[%emt 00:00:08]}
51. Nb2 {[%clk 00:25:39]} {[%emt 00:01:06]} Ne4 {[%clk 00:24:33]} {[%emt
00:05:04]} 52. Nd1 {[%clk 00:24:23]} {[%emt 00:01:45]} Kc7 {[%clk 00:24:33]}
{[%emt 00:00:31]} 53. f3 {[%clk 00:23:48]} {[%emt 00:01:05]} Nd6 {[%clk
00:24:55]} {[%emt 00:00:08]} 54. Nb2 {[%clk 00:24:04]} {[%emt 00:00:13]} Nc4
{[%clk 00:25:07]} {[%emt 00:00:17]} 55. Nd3 {[%clk 00:24:23]} {[%emt 00:00:11]}
Kb7 {[%clk 00:24:09]} {[%emt 00:01:29]} 56. Nc5+ {[%clk 00:24:35]} {[%emt
00:00:18]} Ka7 {[%clk 00:24:00]} {[%emt 00:00:39]} 57. Ne6 {[%clk 00:23:04]}
{[%emt 00:02:02]} h6 {[%clk 00:24:08]} {[%emt 00:00:23]} 58. Nd8 {[%clk
00:18:08]} {[%emt 00:05:25]} Nxa5 {[%clk 00:24:25]} {[%emt 00:00:12]} 59. Nf7
{[%clk 00:18:32]} {[%emt 00:00:05]} h5 {[%clk 00:17:27]} {[%emt 00:07:29]} 60.
Nd8 {[%clk 00:18:44]} {[%emt 00:00:18]} Kb6 {[%clk 00:17:05]} {[%emt 00:00:53]}
61. Ne6 {[%clk 00:18:52]} {[%emt 00:00:22]} Nc4 {[%clk 00:16:42]} {[%emt
00:00:53]} 62. Nf4 {[%clk 00:19:09]} {[%emt 00:00:12]} g5 {[%clk 00:17:05]}
{[%emt 00:00:07]} 63. Nxh5 {[%clk 00:19:34]} {[%emt 00:00:05]} Nd6 {[%clk
00:16:08]} {[%emt 00:01:27]} 64. Ng7 {[%clk 00:19:11]} {[%emt 00:00:52]} c5
{[%clk 00:13:20]} {[%emt 00:03:19]} 65. Kd3 {[%clk 00:18:57]} {[%emt 00:00:44]}
c4+ {[%clk 00:13:03]} {[%emt 00:00:48]} 66. Kc2 {[%clk 00:18:55]} {[%emt
00:00:31]} a5 {[%clk 00:13:04]} {[%emt 00:00:30]} 67. Ne6 {[%clk 00:18:56]}
{[%emt 00:00:29]} Nf7 {[%clk 00:13:13]} {[%emt 00:00:20]} 68. Kb2 {[%clk
00:18:07]} {[%emt 00:01:19]} b4 {[%clk 00:10:58]} {[%emt 00:02:46]} 69. Kc2
{[%clk 00:18:13]} {[%emt 00:00:23]} Kc6 {[%clk 00:10:50]} {[%emt 00:00:38]} 70.
Kb2 {[%clk 00:17:59]} {[%emt 00:00:45]} Kd6 {[%clk 00:10:27]} {[%emt 00:00:53]}
71. Nc5 {[%clk 00:18:16]} {[%emt 00:00:13]} Nd8 {[%clk 00:10:48]} {[%emt
00:00:09]} 72. Kc2 {[%clk 00:14:07]} {[%emt 00:04:40]} Ke7 {[%clk 00:09:01]}
{[%emt 00:02:15]} 73. Na6 {[%clk 00:14:17]} {[%emt 00:00:20]} b3+ {[%clk
00:09:09]} {[%emt 00:00:22]} 74. Kb2 {[%clk 00:14:08]} {[%emt 00:00:39]} Ne6
{[%clk 00:09:29]} {[%emt 00:00:10]} 75. Nb8 {[%clk 00:13:48]} {[%emt 00:00:50]}
Kd6 {[%clk 00:09:54]} {[%emt 00:00:06]} 76. Ka3 {[%clk 00:13:32]} {[%emt
00:00:45]} Kc7 {[%clk 00:10:06]} {[%emt 00:00:17]} 77. Na6+ {[%clk 00:13:57]}
{[%emt 00:00:06]} Kb7 {[%clk 00:10:29]} {[%emt 00:00:07]} 0-1

[Event "DVM U20 2021"]
[Site "Kiel GER"]
[Date "2022.07.25"]
[Round "5"]
[White "Wachtel, Arthur"]
[Black "Limpert, Tillmann"]
[Result "1/2-1/2"]
[Termination "normal"]
[Board "7.4"]
[WhiteElo "1946"]
[BlackElo "1652"]
[WhiteClock "00:39:45"]
[BlackClock "00:26:52"]
[WhiteTeam "Schachfreunde Augsburg"]
[BlackTeam "Biebertaler Schachfreunde"]
[PlyCount "104"]
[WhiteFideId "12988510"]
[BlackFideId "16213254"]
[EventCountry "GER"]
[EventRounds "7"]
[EventType "team-swiss"]
[EventDate "2022.07.22"]

1. e4 {[%clk 01:30:58]} {[%emt 00:00:02]} e5 {[%clk 01:30:55]} {[%emt
00:00:06]} 2. Nf3 {[%clk 01:31:25]} {[%emt 00:00:03]} Nc6 {[%clk 01:31:15]}
{[%emt 00:00:09]} 3. Bc4 {[%clk 01:31:50]} {[%emt 00:00:05]} Nf6 {[%clk
01:31:11]} {[%emt 00:00:33]} 4. d3 {[%clk 01:32:14]} {[%emt 00:00:06]} Bc5
{[%clk 01:31:12]} {[%emt 00:00:30]} 5. c3 {[%clk 01:32:39]} {[%emt 00:00:05]}
d6 {[%clk 01:31:18]} {[%emt 00:00:24]} 6. Bb3 {[%clk 01:33:04]} {[%emt
00:00:05]} O-O {[%clk 01:29:55]} {[%emt 00:01:53]} 7. Nbd2 {[%clk 01:33:22]}
{[%emt 00:00:11]} h6 {[%clk 01:30:03]} {[%emt 00:00:22]} 8. Nf1 {[%clk
01:33:36]} {[%emt 00:00:17]} Ng4 {[%clk 01:28:52]} {[%emt 00:01:41]} 9. Ne3
{[%clk 01:33:57]} {[%emt 00:00:09]} Kh8 {[%clk 01:27:21]} {[%emt 00:02:00]} 10.
O-O {[%clk 01:28:36]} {[%emt 00:05:51]} Nxe3 {[%clk 01:26:37]} {[%emt
00:01:14]} 11. Bxe3 {[%clk 01:29:00]} {[%emt 00:00:06]} Bb6 {[%clk 01:27:00]}
{[%emt 00:00:07]} 12. Nd2 {[%clk 01:26:26]} {[%emt 00:03:04]} f5 {[%clk
01:25:08]} {[%emt 00:02:22]} 13. exf5 {[%clk 01:20:57]} {[%emt 00:06:00]} Bxf5
{[%clk 01:25:02]} {[%emt 00:00:36]} 14. Qe2 {[%clk 01:20:06]} {[%emt 00:01:21]}
Qf6 {[%clk 01:24:04]} {[%emt 00:01:27]} 15. Ne4 {[%clk 01:19:11]} {[%emt
00:01:24]} Qg6 {[%clk 01:23:14]} {[%emt 00:01:21]} 16. Rad1 {[%clk 01:12:48]}
{[%emt 00:06:53]} Ne7 {[%clk 01:21:32]} {[%emt 00:02:11]} 17. Ng3 {[%clk
01:11:54]} {[%emt 00:01:25]} Bd7 {[%clk 01:20:28]} {[%emt 00:01:34]} 18. Bxb6
{[%clk 01:11:54]} {[%emt 00:00:30]} axb6 {[%clk 01:19:03]} {[%emt 00:01:56]}
19. d4 {[%clk 01:10:16]} {[%emt 00:02:08]} Nc6 {[%clk 01:17:07]} {[%emt
00:02:24]} 20. Bc2 {[%clk 01:01:14]} {[%emt 00:09:33]} Qf7 {[%clk 01:14:56]}
{[%emt 00:02:41]} 21. Qe4 {[%clk 00:58:09]} {[%emt 00:03:35]} g5 {[%clk
01:13:02]} {[%emt 00:02:24]} 22. dxe5 {[%clk 00:45:08]} {[%emt 00:13:31]} dxe5
{[%clk 01:10:03]} {[%emt 00:03:28]} 23. a3 {[%clk 00:39:47]} {[%emt 00:05:53]}
Be6 {[%clk 00:57:36]} {[%emt 00:12:55]} 24. f3 {[%clk 00:26:28]} {[%emt
00:13:51]} Rad8 {[%clk 00:52:30]} {[%emt 00:05:35]} 25. Qe3 {[%clk 00:19:58]}
{[%emt 00:07:00]} Qf4 {[%clk 00:48:13]} {[%emt 00:04:46]} 26. Qe4 {[%clk
00:20:06]} {[%emt 00:00:23]} Qf7 {[%clk 00:45:18]} {[%emt 00:03:25]} 27. Ne2
{[%clk 00:19:18]} {[%emt 00:01:18]} Bd5 {[%clk 00:42:55]} {[%emt 00:02:52]} 28.
Qe3 {[%clk 00:19:33]} {[%emt 00:00:16]} Bb3 {[%clk 00:42:49]} {[%emt 00:00:35]}
29. Rxd8 {[%clk 00:18:56]} {[%emt 00:01:08]} Rxd8 {[%clk 00:43:03]} {[%emt
00:00:15]} 30. Be4 {[%clk 00:19:06]} {[%emt 00:00:21]} Bd5 {[%clk 00:40:59]}
{[%emt 00:02:34]} 31. Ng3 {[%clk 00:18:47]} {[%emt 00:00:50]} Bc4 {[%clk
00:36:56]} {[%emt 00:04:31]} 32. Re1 {[%clk 00:19:09]} {[%emt 00:00:09]} Qf4
{[%clk 00:35:26]} {[%emt 00:01:57]} 33. Nf5 {[%clk 00:17:48]} {[%emt 00:01:53]}
Qxe3+ {[%clk 00:31:29]} {[%emt 00:04:27]} 34. Nxe3 {[%clk 00:18:06]} {[%emt
00:00:13]} Be6 {[%clk 00:26:31]} {[%emt 00:05:28]} 35. Re2 {[%clk 00:18:14]}
{[%emt 00:00:21]} Kg7 {[%clk 00:25:09]} {[%emt 00:01:53]} 36. Nf5+ {[%clk
00:15:48]} {[%emt 00:02:57]} Bxf5 37. Bxf5 {[%clk 00:16:16]} Kf6 {[%clk
00:25:37]} {[%emt 00:00:10]} 38. Be4 {[%clk 00:16:39]} {[%emt 00:00:07]} Na5
{[%clk 00:24:22]} {[%emt 00:01:44]} 39. Kf2 {[%clk 00:16:35]} {[%emt 00:00:35]}
c6 {[%clk 00:23:02]} {[%emt 00:01:50]} 40. Ke1 {[%clk 00:15:57]} {[%emt
00:01:07]} Nb3 {[%clk 00:22:05]} {[%emt 00:01:26]} 41. Bc2 {[%clk 00:14:43]}
{[%emt 00:01:42]} Nc5 {[%clk 00:20:46]} {[%emt 00:01:53]} 42. Rd2 {[%clk
00:14:30]} {[%emt 00:00:43]} Rxd2 {[%clk 00:19:34]} {[%emt 00:01:42]} 43. Kxd2
{[%clk 00:14:55]} {[%emt 00:00:04]} Ne6 {[%clk 00:18:48]} {[%emt 00:01:16]} 44.
g3 {[%clk 00:15:20]} {[%emt 00:00:06]} b5 {[%clk 00:17:57]} {[%emt 00:01:21]}
45. Ke3 {[%clk 00:14:14]} {[%emt 00:01:36]} Nc5 {[%clk 00:15:38]} {[%emt
00:02:48]} 46. b4 {[%clk 00:13:54]} {[%emt 00:00:50]} Na4 {[%clk 00:13:07]}
{[%emt 00:03:02]} 47. Bxa4 {[%clk 00:13:53]} {[%emt 00:00:31]} bxa4 {[%clk
00:13:30]} {[%emt 00:00:07]} 48. c4 {[%clk 00:14:20]} {[%emt 00:00:03]} b5
{[%clk 00:27:16]} {[%emt 00:16:43]} 49. cxb5 {[%clk 00:43:49]} {[%emt
00:01:01]} cxb5 {[%clk 00:27:40]} {[%emt 00:00:06]} 50. Ke4 {[%clk 00:44:05]}
{[%emt 00:00:15]} Ke6 {[%clk 00:27:56]} {[%emt 00:00:14]} 51. h3 {[%clk
00:42:15]} {[%emt 00:02:21]} h5 {[%clk 00:27:10]} {[%emt 00:01:15]} 52. g4
{[%clk 00:39:45]} {[%emt 00:03:00]} h4 {[%clk 00:26:52]} {[%emt 00:00:47]}
1/2-1/2